| 000 | 00908nam a22002535i 4500 | ||
|---|---|---|---|
| 001 | 54048 | ||
| 003 | ES-MaACL | ||
| 005 | 20251005063042.0 | ||
| 007 | t| | ||
| 008 | 960711s1863 sp ||||1| spa d | ||
| 080 | _a930 Renan, Ernest. Vie de Jésus | ||
| 080 | _a27-312 | ||
| 100 | 1 |
_aFerrer del Río, Antonio, _d1814-1872 _950459 |
|
| 245 | 1 | 0 |
_aApuntes contra la titulada Vida de Jesús, de Mr. Ernesto Renan / _cpor D. Antonio Ferrer del Río. |
| 260 |
_aMadrid : _b[s.n.], _c1863 ( _fImp. Nacional) |
||
| 300 |
_a24 p. ; _c23 cm. |
||
| 530 | _aDisponible en formato digital. | ||
| 600 | 1 | 7 |
_aRenan, Ernest, _d1823-1892. _tVie de Jésus _2 _9148408 |
| 600 | 0 | 4 |
_aJesucristo- _xBiografías. _9140032 |
| 852 | 4 |
_aES-MaACL _jT-80-F-2 |
|
| 852 | 4 |
_aES-MaACL _jT-93-F-6 |
|
| 856 | 4 |
_uhttp://bdh-rd.bne.es/viewer.vm?id=0000247245&page=1 _zBiblioteca Digital Hispánica |
|
| 999 |
_c54048 _d54048 |
||